| 000 | 01022nam a22003377a 4500 | ||
|---|---|---|---|
| 001 | BR2016003475 | ||
| 003 | BR-BrBNA | ||
| 005 | 20230928104936.0 | ||
| 007 | ta | ||
| 008 | 230509b bl.||||| |||| 00| 0 por d | ||
| 040 |
_aBR-BrBNA _bpor _cBiblioteca Nacional de Agricultura |
||
| 041 | _a(Por) | ||
| 072 |
_aF61; F50 _b1930 _b8951 |
||
| 090 | _ 1930 BR2016003475 | ||
| 100 | 1 | _aMauri. J. | |
| 110 | 1 |
_aUniversidade Federal de Lavras, MG (Brasil) _0Tese (Doutorado) |
|
| 245 | 1 | _aAnatomia foliar de Brachiaria spp. em diferentes idades de rebrota associada com a qualidade da forragem | |
| 260 | 3 |
_aLavras, MG (Brasil): _c2015. |
|
| 300 | _a71 p. | ||
| 500 | _aSummaries (Eng, Por); Several bibliography; 8 illus. | ||
| 650 | _aCAPIM BRACHIÁRIA | ||
| 650 | _aQUALIDADE | ||
| 650 | _aFORRAGEM | ||
| 650 | _aIDADE | ||
| 650 | _aREBROTA | ||
| 650 | _aANÁLISE FOLIAR | ||
| 650 | _aMELHORAMENTO GENÉTICO VEGETAL | ||
| 650 | _aANATOMIA VEGETAL | ||
| 909 |
_a202309 _bLucia _c55 _dLucia Elande |
||
| 942 | _cBK | ||
| 999 |
_c82564 _d82564 |
||